[Event "Rilton Cup Open 2014/15"]
[Site "Stockholm SWE"]
[Date "2015.01.05"]
[Round "9"]
[White "Martynov, Pavel2"]
[Black "Cramling, Pia"]
[Result "0-1"]
[WhiteElo "2400"]
[BlackElo "2518"]
[PlyCount "102"]
[EventDate "2014.12.27"]

1. e4 c5 2. Nf3 e6 3. g3 Nc6 4. Bg2 Nf6 5. Qe2 e5 6. O-O Be7 7. c3 O-O 8. Rd1
d5 9. exd5 Qxd5 10. d3 Rd8 11. Ng5 Qd6 12. Na3 Bg4 13. f3 Bf5 14. Nc4 Qc7 15.
f4 Bg4 16. Nf3 e4 17. dxe4 Rxd1+ 18. Qxd1 Nxe4 19. Qe1 Nd6 20. Nce5 Nxe5 21.
fxe5 Nc4 22. Bf4 Be6 23. b3 Na5 24. h4 h6 25. Qe4 Rd8 26. Re1 Qd7 27. Kh2 Nc6
28. Re2 Bf5 29. Qe3 Qd3 30. Bh3 Bxh3 31. Kxh3 Qf5+ 32. g4 Qe6 33. Kg3 c4 34.
bxc4 Qxc4 35. e6 Rd3 36. exf7+ Kxf7 37. Qf2 Kg8 38. g5 Rxc3 39. g6 Bxh4+ 40.
Kg2 Be7 41. Ne5 Nxe5 42. Rxe5 Rc2 43. Bd2 Qc6+ 44. Kf1 Bf6 45. Kg1 Rxd2 46.
Qxd2 Qb6+ 47. Re3 Bg5 48. Kg2 Qxe3 49. Qd5+ Kh8 50. Qxb7 Qe2+ 51. Kg3 Qd3+ 0-1

[Event "New Zealand Open 2015"]
[Site "Devonport, Auckland"]
[Date "2015.01.01"]
[Round "1"]
[White "GONG, Daniel Hanwen"]
[Black "Zhao, Xue"]
[Result "0-1"]
[WhiteElo "2044"]
[BlackElo "2514"]
[PlyCount "46"]
[EventDate "2015.01.01"]
[EventType "swiss"]
[EventRounds "9"]
[SourceDate "2015.01.01"]

1. e4 d5 2. exd5 Qxd5 3. Nc3 Qd6 4. d4 Nf6 5. Nf3 g6 6. g3 Bg7 7. Bf4 Qb6 8.
Qd2 Bf5 9. Bg2 Nc6 10. O-O O-O-O 11. d5 e6 12. Ng5 Rhf8 13. a4 exd5 14. Nb5 Rd7
15. Be3 d4 16. Bxc6 bxc6 17. Nxd4 c5 18. c3 cxd4 19. cxd4 Qb7 20. f4 Ne4 21.
Nxe4 Qxe4 22. Rfd1 Re8 23. Ra3 Bg4 0-1

[Event "New Zealand Open 2015"]
[Site "Devonport, Auckland"]
[Date "2015.01.02"]
[Round "2"]
[White "Zhao, Xue"]
[Black "Watharow, Sean"]
[Result "1-0"]
[WhiteElo "2514"]
[BlackElo "1876"]
[PlyCount "65"]
[EventDate "2015.01.01"]
[EventType "swiss"]
[EventRounds "9"]
[SourceDate "2015.01.01"]

1. d4 c5 2. d5 e5 3. e4 d6 4. Nc3 Be7 5. Bb5+ Nd7 6. Nf3 a6 7. Be2 b5 8. O-O
Nb6 9. a4 b4 10. a5 bxc3 11. axb6 cxb2 12. Bxb2 Qxb6 13. Bc3 Nf6 14. Nd2 Qa7
15. Bb5+ Nd7 16. Nc4 O-O 17. Bc6 Rb8 18. Qd2 Nb6 19. Na5 f5 20. f4 exf4 21.
Qxf4 g5 22. Qf3 Bf6 23. Bxf6 Rxf6 24. Qh5 Qg7 25. Rab1 h6 26. Nc4 Qc7 27. Rxb6
Rxb6 28. Nxb6 Qxb6 29. Qe8+ Kg7 30. Qxc8 c4+ 31. Kh1 fxe4 32. Qd7+ Kg8 33. Qe8+
1-0

[Event "New Zealand Open 2015"]
[Site "Devonport, Auckland"]
[Date "2015.01.03"]
[Round "3"]
[White "Zulfic, Fedja"]
[Black "Zhao, Xue"]
[Result "0-1"]
[WhiteElo "2114"]
[BlackElo "2514"]
[PlyCount "128"]
[EventDate "2015.01.01"]
[EventType "swiss"]
[EventRounds "9"]
[SourceDate "2015.01.01"]

1. d4 Nf6 2. c4 e6 3. Nc3 Bb4 4. f3 d5 5. a3 Bxc3+ 6. bxc3 c6 7. e3 O-O 8. Bd3
b6 9. cxd5 cxd5 10. Ne2 Ba6 11. Bxa6 Nxa6 12. Qd3 Nb8 13. e4 dxe4 14. fxe4 Nbd7
15. Ng3 Rc8 16. O-O Qc7 17. e5 Nd5 18. Bd2 f6 19. Ne4 fxe5 20. Ng5 Rxf1+ 21.
Rxf1 N5f6 22. Nxe6 Qd6 23. Qh3 Re8 24. dxe5 Nxe5 25. Nxg7 Kxg7 26. Qh6+ Kf7 27.
Qxh7+ Ke6 28. Qf5+ Ke7 29. Bg5 Ned7 30. Qe4+ Qe6 31. Qh4 Qc6 32. Qh7+ Kd8 33.
Bxf6+ Nxf6 34. Qxa7 Kc8 35. Qa6+ Kb8 36. Qd3 Nd5 37. Rf3 Qe6 38. h3 Kb7 39. Qd4
Rg8 40. Qf2 Rc8 41. Qg3 Rc4 42. Kh2 Ka6 43. Rd3 Qe4 44. Qf3 Qe5+ 45. Qg3 Nf4
46. Re3 Qd6 47. Rf3 Kb5 48. Rf2 Ka4 49. Rf3 Kxa3 50. Rf2 Kb3 51. Rf3 b5 52. Rf2
Qe5 53. Rf3 Re4 54. Rf1 Kc4 55. Rf3 Kb3 56. Rf1 Nd3 57. Qxe5 Rxe5 58. g4 Kxc3
59. h4 Re4 60. Kg3 Re3+ 61. Kh2 b4 62. g5 b3 63. g6 b2 64. Rb1 Nf4 0-1

[Event "New Zealand Open 2015"]
[Site "Devonport, Auckland NZL"]
[Date "2015.01.04"]
[Round "4"]
[White "Zhao, Xue"]
[Black "Howell, David W L"]
[Result "1/2-1/2"]
[WhiteElo "2514"]
[BlackElo "2670"]
[PlyCount "53"]
[EventDate "2015.01.01"]
[SourceDate "2015.01.01"]

1. d4 Nf6 2. c4 g6 3. g3 c6 4. Bg2 d5 5. e3 Bg7 6. Ne2 O-O 7. O-O a5 8. cxd5
cxd5 9. Nbc3 e6 10. b3 Bd7 11. Ba3 Re8 12. Qd3 Na6 13. Rfc1 Nb4 14. Qd2 Bc6 15.
Nf4 e5 16. Nfe2 e4 17. Rd1 Qd7 18. Nc1 Bf8 19. Bb2 Rec8 20. a3 Na6 21. f3 exf3
22. Bxf3 Bh6 23. Nd3 Ng4 24. Nf4 Nf6 25. Nd3 Ng4 26. Nf4 Nf6 27. Nd3 1/2-1/2

[Event "New Zealand Open 2015"]
[Site "Devonport, Auckland NZL"]
[Date "2015.01.05"]
[Round "5"]
[White "CROAD, Nicholas"]
[Black "Zhao, Xue"]
[Result "0-1"]
[WhiteElo "2366"]
[BlackElo "2514"]
[PlyCount "68"]
[EventDate "2015.01.01"]
[SourceDate "2015.01.01"]

1. d4 Nf6 2. c4 e6 3. Nf3 b6 4. g3 Ba6 5. Nbd2 c5 6. Bg2 Nc6 7. dxc5 Bxc5 8.
O-O O-O 9. b3 d5 10. Bb2 Rc8 11. cxd5 exd5 12. Bh3 Rc7 13. a3 Ne4 14. b4 Be7
15. Re1 Bf6 16. Qb3 Nxd2 17. Nxd2 Nd4 18. Bxd4 Bxd4 19. Rad1 Bc3 20. b5 Bb7 21.
Bg2 Ba5 22. Rf1 Qe7 23. Nb1 Qxe2 24. Bxd5 Bxd5 25. Rxd5 g6 26. Kg2 Re8 27. Qf3
Rc2 28. Rd7 Qxf3+ 29. Kxf3 Re5 30. Rxa7 Be1 31. Rd7 Rc1 32. Kf4 Re6 33. Nc3
Rxc3 34. Rd1 Bxf2 0-1

[Event "New Zealand Open 2015"]
[Site "Devonport, Auckland"]
[Date "2015.01.07"]
[Round "7"]
[White "Bischoff, Klaus"]
[Black "Zhao, Xue"]
[Result "0-1"]
[WhiteElo "2490"]
[BlackElo "2514"]
[PlyCount "76"]
[EventDate "2015.??.??"]

1. d4 Nf6 2. c4 e6 3. Nf3 b6 4. a3 Bb7 5. Nc3 g6 6. Qc2 c5 7. dxc5 bxc5 8. Bf4
Nh5 9. Bg5 f6 10. Bd2 Nc6 11. e3 Be7 12. Be2 f5 13. O-O O-O 14. Rfd1 a6 15. Be1
Qe8 16. Rab1 g5 17. Nd2 g4 18. f4 gxf3 19. Nxf3 Rf7 20. Bf1 Rg7 21. Qe2 Rd8 22.
Na4 Nf6 23. b4 cxb4 24. axb4 Qh5 25. b5 axb5 26. cxb5 Nb4 27. Kh1 Nbd5 28. Nc3
Bd6 29. Nxd5 Bxd5 30. Rd4 Ng4 31. Rxd5 exd5 32. Qd3 Bxh2 33. Nh4 Be5 34. Be2
Kh8 35. Qxd5 Qg5 36. b6 Qxe3 37. Bd3 Bd4 38. Nf3 Qxd3 0-1

[Event "New Zealand Open 2015"]
[Site "Devonport, Auckland"]
[Date "2015.01.08"]
[Round "8"]
[White "Zhao, Xue"]
[Black "Sukandar, Irine Kharisma"]
[Result "1/2-1/2"]
[WhiteElo "2514"]
[BlackElo "2392"]
[PlyCount "105"]
[EventDate "2015.01.01"]
[EventType "swiss"]
[EventRounds "9"]
[SourceDate "2015.01.01"]

1. c4 Nf6 2. Nf3 e6 3. g3 b6 4. Bg2 Bb7 5. O-O Be7 6. b3 O-O 7. Bb2 d5 8. cxd5
Nxd5 9. d4 Nd7 10. e4 N5f6 11. e5 Nd5 12. Nbd2 c5 13. Nc4 b5 14. Nd6 Bxd6 15.
exd6 c4 16. bxc4 bxc4 17. Ne5 N7b6 18. Ba3 Nc3 19. Qe1 Bxg2 20. Kxg2 Nb5 21.
Bc5 Nxd6 22. Qb4 Nf5 23. Bxf8 Qd5+ 24. Nf3 Nxd4 25. Qc3 e5 26. Rfe1 Na4 27. Qa3
c3 28. Re3 Rxf8 29. Qxa4 g5 30. h3 h5 31. Rxc3 g4 32. Qc4 gxf3+ 33. Kh2 Qxc4
34. Rxc4 Rb8 35. Rc7 Rb2 36. Kg1 Ne2+ 37. Kf1 h4 38. gxh4 Nf4 39. Rac1 Nd3 40.
R7c2 Rb6 41. Rd1 e4 42. h5 Kg7 43. Kg1 Rb5 44. Kh2 Rxh5 45. Rxd3 exd3 46. Rd2
Rg5 47. h4 Rg2+ 48. Kh3 Kg6 49. a3 f5 50. Rxd3 Rxf2 51. Kg3 Rg2+ 52. Kxf3 Rg4
53. Rd6+ 1/2-1/2

[Event "New Zealand Open 2015"]
[Site "Devonport, Auckland"]
[Date "2015.01.09"]
[Round "9"]
[White "Zhao, Xue"]
[Black "Zelesco, Karl"]
[Result "1-0"]
[WhiteElo "2514"]
[BlackElo "2210"]
[PlyCount "83"]
[EventDate "2015.??.??"]

1. c4 c6 2. d4 d5 3. Nc3 Nf6 4. e3 g6 5. Nf3 Bg7 6. h3 O-O 7. Bd3 a6 8. O-O b5
9. b3 Nbd7 10. Re1 dxc4 11. bxc4 bxc4 12. Bxc4 c5 13. Rb1 Nb6 14. Bb3 cxd4 15.
exd4 Bf5 16. Ba3 Ra7 17. Rb2 Rc7 18. Bb4 Qc8 19. Qd2 Nc4 20. Bxc4 Rxc4 21. Ba5
Nh5 22. Nd5 Bf6 23. Nb6 Qc6 24. d5 Qc5 25. Nxc4 Qxc4 26. Rb4 Qc8 27. Rc1 Qd7
28. g4 g5 29. Rc7 Qd6 30. Nxg5 Kh8 31. Rb8 Kg7 32. Rxf8 Kxf8 33. gxf5 Nf4 34.
Nxh7+ Kg7 35. Nxf6 exf6 36. Rc6 Qe5 37. Bc7 Nxh3+ 38. Kg2 Qxf5 39. Rc3 Ng5 40.
Rg3 Qe4+ 41. f3 Qh4 42. Bf4 1-0

[Event "New Zealand (rapid) 2015"]
[Site "Devonport, Auckland."]
[Date "2015.01.10"]
[Round "1"]
[White "GILMOUR, Mark"]
[Black "Zhao, Xue"]
[Result "0-1"]
[WhiteElo "1719"]
[BlackElo "2489"]
[PlyCount "74"]
[EventDate "2015.??.??"]

1. d4 Nf6 2. c4 e6 3. Nc3 Bb4 4. Bg5 h6 5. Bxf6 Qxf6 6. Nf3 c5 7. e3 Nc6 8. Be2
cxd4 9. exd4 Bxc3+ 10. bxc3 b6 11. O-O O-O 12. Nd2 Qg6 13. Bf3 Ba6 14. Re1 Rac8
15. Be4 Qg5 16. Bd3 Qe7 17. a4 Na5 18. Qe2 Rc7 19. d5 Qh4 20. g3 Qd8 21. Qe4 f5
22. Qe2 Qf6 23. dxe6 dxe6 24. Qxe6+ Qxe6 25. Rxe6 Rd7 26. Re3 Rfd8 27. Bxf5
Rxd2 28. Rae1 Bxc4 29. Bg6 Rd1 30. Kg2 Rxe1 31. Rxe1 Bd5+ 32. f3 Rf8 33. Be4
Bxe4 34. Rxe4 Kf7 35. Rf4+ Ke7 36. Rxf8 Kxf8 37. Kf2 Nb3 0-1

[Event "New Zealand (rapid) 2015"]
[Site "Devonport, Auckland."]
[Date "2015.01.10"]
[Round "2"]
[White "Zhao, Xue"]
[Black "LYALL, Simon"]
[Result "1-0"]
[WhiteElo "2489"]
[BlackElo "1763"]
[PlyCount "45"]
[EventDate "2015.??.??"]

1. d4 d5 2. c4 c6 3. Nf3 Nf6 4. Qb3 dxc4 5. Qxc4 Nbd7 6. Nc3 Nb6 7. Qd3 g6 8.
e4 Bg7 9. Be2 Bg4 10. Be3 Qc7 11. O-O Rd8 12. Qc2 O-O 13. Rad1 Rfe8 14. h3 Bc8
15. Qc1 h5 16. Nb5 Qb8 17. Bf4 e5 18. dxe5 Nfd7 19. Nd6 Bxe5 20. Nxe5 Rf8 21.
Nexf7 Rxf7 22. Nxf7 Qa8 23. Nxd8 1-0

[Event "New Zealand (rapid) 2015"]
[Site "Devonport, Auckland."]
[Date "2015.01.10"]
[Round "4"]
[White "Zhao, Xue"]
[Black "LI, William Xiang Wei"]
[Result "1-0"]
[WhiteElo "2489"]
[BlackElo "2033"]
[PlyCount "58"]
[EventDate "2015.??.??"]

1. d4 d5 2. c4 c6 3. Nc3 Nf6 4. e3 e6 5. Nf3 Nbd7 6. Qc2 Bd6 7. b3 O-O 8. Be2
Re8 9. O-O e5 10. cxd5 cxd5 11. Nb5 Bb8 12. dxe5 Nxe5 13. Nxe5 Bxe5 14. Bb2 Bg4
15. Bxe5 Rxe5 16. Bxg4 Nxg4 17. h3 Nf6 18. Rac1 a6 19. Nd4 Ne4 20. Rfd1 h6 21.
Qc7 Qf6 22. Nf3 Re7 23. Qa5 Qb2 24. Rf1 Nxf2 25. Qc5 Nd3 26. Qxe7 Nxc1 27. Nh4
f6 28. Nf5 Ne2+ 29. Kh1 Ng3+ {Nh4} 1-0

[Event "New Zealand (rapid) 2015"]
[Site "Devonport, Auckland."]
[Date "2015.01.10"]
[Round "5"]
[White "Rasmussen, Allan Stig"]
[Black "Zhao, Xue"]
[Result "1-0"]
[WhiteElo "2526"]
[BlackElo "2489"]
[PlyCount "65"]
[EventDate "2015.??.??"]

1. Nf3 Nf6 2. c4 b6 3. g3 c5 4. Bg2 Bb7 5. Nc3 g6 6. O-O Bg7 7. d4 cxd4 8. Qxd4
d6 9. Rd1 Nbd7 10. Be3 Rc8 11. Rac1 a6 12. b3 O-O 13. Qh4 Rc7 14. Bh3 Qa8 15.
Bxd7 Bxf3 16. Bh3 Bc6 17. Bxb6 Rb7 18. Be3 a5 19. Nd5 Nxd5 20. cxd5 Bxd5 21.
Qa4 Rb4 22. Qd7 Bf6 23. Rc7 Rd8 24. Ra7 Rxd7 25. Rxa8+ Bxa8 26. Bxd7 Rb7 27.
Rc1 Rb8 28. Bd2 Bb7 29. Bxa5 Ra8 30. b4 e6 31. a4 Kf8 32. Bb6 Ke7 33. Rc7 1-0

[Event "New Zealand (rapid) 2015"]
[Site "Devonport, Auckland."]
[Date "2015.01.11"]
[Round "6"]
[White "Zhao, Xue"]
[Black "DOWDEN, R Anthony"]
[Result "1-0"]
[WhiteElo "2489"]
[BlackElo "2244"]
[PlyCount "73"]
[EventDate "2015.??.??"]

1. d4 e6 2. c4 Nf6 3. Nf3 c5 4. d5 exd5 5. cxd5 d6 6. Nc3 g6 7. Nd2 Bg7 8. Nc4
O-O 9. Bf4 Ne8 10. e3 b6 11. Be2 Ba6 12. O-O b5 13. Nd2 b4 14. Na4 Bxe2 15.
Qxe2 Nd7 16. a3 g5 17. Bg3 Ne5 18. axb4 cxb4 19. f4 gxf4 20. exf4 Ng6 21. f5
Ne5 22. Ne4 Nf6 23. Bh4 Re8 24. Rae1 Ned7 25. Qa6 Qb8 26. Nxd6 Rxe1 27. Rxe1
Nxd5 28. Re8+ Qxe8 29. Nxe8 Bd4+ 30. Kh1 Rxe8 31. Qd3 Bf6 32. Qxd5 Bxh4 33. g3
Nf6 34. Qc6 Bg5 35. h4 Re1+ 36. Kg2 Rc1 37. Qa8+ 1-0

[Event "New Zealand (rapid) 2015"]
[Site "Devonport, Auckland."]
[Date "2015.01.11"]
[Round "7"]
[White "HAGUE, Ben"]
[Black "Zhao, Xue"]
[Result "0-1"]
[WhiteElo "2386"]
[BlackElo "2489"]
[PlyCount "60"]
[EventDate "2015.??.??"]

1. e4 Nf6 2. e5 Nd5 3. d4 d6 4. Nf3 dxe5 5. Nxe5 c6 6. Be2 Bf5 7. O-O Nd7 8.
Nd3 e6 9. b3 Be7 10. c4 N5f6 11. Nc3 O-O 12. Be3 Rc8 13. Bf3 b5 14. cxb5 cxb5
15. Nxb5 Bxd3 16. Qxd3 Ne5 17. Qe2 Nxf3+ 18. Qxf3 Qb6 19. a4 Nd5 20. Rfb1 Rc2
21. Qd1 Rfc8 22. Rc1 R2c6 23. Rxc6 Rxc6 24. Na3 Bxa3 25. Rxa3 Rc3 26. Ra1 Rxb3
27. Rc1 h6 28. Qd2 Kh7 29. h3 f5 30. Bf4 Rb2 0-1

[Event "New Zealand (rapid) 2015"]
[Site "Devonport, Auckland."]
[Date "2015.01.11"]
[Round "8"]
[White "Zhao, Xue"]
[Black "KER, Anthony F"]
[Result "1-0"]
[WhiteElo "2489"]
[BlackElo "2371"]
[PlyCount "143"]
[EventDate "2015.??.??"]

1. d4 d6 2. Nf3 Bg4 3. c4 Nd7 4. Nbd2 e5 5. Qb3 Rb8 6. h3 Bxf3 7. Nxf3 exd4 8.
Nxd4 g6 9. Qe3+ Ne7 10. Bd2 Bg7 11. Bc3 O-O 12. Qd2 d5 13. e3 dxc4 14. Bxc4 Nb6
15. Bb3 Nbd5 16. Rd1 c5 17. Ne2 Nxc3 18. Nxc3 Qxd2+ 19. Rxd2 Rfd8 20. Rxd8+
Rxd8 21. Ke2 Kf8 22. Rc1 b6 23. Bc4 Nc6 24. g4 Na5 25. Ba6 Nc6 26. f4 Nb8 27.
Bc4 a6 28. a4 a5 29. Bb5 Ke7 30. b3 Bxc3 31. Rxc3 Rd6 32. Rd3 Re6 33. Bc4 Rc6
34. Kf3 Rc7 35. g5 Nc6 36. h4 Nd8 37. Kg4 Ne6 38. h5 Ng7 39. h6 Nf5 40. Kf3 Nd6
41. Rd5 Nxc4 42. bxc4 Rc6 43. Ke4 f5+ 44. gxf6+ Rxf6 45. Re5+ Kd7 46. Kd3 Rc6
47. Rd5+ Ke7 48. Ke4 Rf6 49. Rg5 Rc6 50. Re5+ Kd7 51. Rd5+ Ke7 52. Kf3 Rf6 53.
Kg4 Rc6 54. e4 Re6 55. e5 Rc6 56. Kg5 Re6 57. Rd1 Rc6 58. Re1 Ke6 59. Rf1 Rc8
60. Rd1 Ke7 61. Rd6 Rb8 62. f5 gxf5 63. Kxf5 Rf8+ 64. Rf6 Rb8 65. e6 Rg8 66.
Rf7+ Kd6 67. Rxh7 Rg1 68. Rd7+ Kc6 69. h7 Rf1+ 70. Kg6 Rg1+ 71. Kf7 Rh1 72. Kg8
{Kd5} 1-0

[Event "New Zealand (blitz) 2015"]
[Site "Devonport, Auckland"]
[Date "2015.01.11"]
[Round "1"]
[White "NICHOLLS, Leighton"]
[Black "Zhao, Xue"]
[Result "0-1"]
[WhiteElo "1892"]
[BlackElo "2569"]
[PlyCount "60"]
[EventDate "2015.??.??"]

1. e4 Nf6 2. e5 Nd5 3. d4 d6 4. Nf3 dxe5 5. Nxe5 c6 6. c3 Nd7 7. Nxd7 Bxd7 8.
Bd3 g6 9. O-O Bg7 10. Nd2 O-O 11. Nf3 Qc7 12. Be3 c5 13. Qe2 Rac8 14. Rac1 Rfd8
15. Rfd1 Qa5 16. a3 Nxe3 17. Qxe3 Bg4 18. Be4 cxd4 19. cxd4 Qb6 20. b4 Bxf3 21.
Qxf3 Bxd4 22. Bd5 Bf6 23. Bxb7 Rxd1+ 24. Rxd1 Rc2 25. Be4 Rc3 26. Qe2 Rxa3 27.
h3 Qxb4 28. Rd8+ Kg7 29. Bd3 Qb6 30. Rd5 Qc7 {Kh2} 0-1

[Event "New Zealand (blitz) 2015"]
[Site "Devonport, Auckland"]
[Date "2015.01.11"]
[Round "2"]
[White "Zhao, Xue"]
[Black "MENG, Richard"]
[Result "1-0"]
[WhiteElo "2569"]
[BlackElo "1338"]
[PlyCount "67"]
[EventDate "2015.??.??"]

1. Nf3 Nc6 2. d4 d5 3. Bf4 Nf6 4. e3 e6 5. c4 Be7 6. Nc3 O-O 7. Rc1 Bd7 8. cxd5
exd5 9. Bd3 Re8 10. h3 Bb4 11. O-O Ne4 12. Nxd5 Nf6 13. Nxc7 Rc8 14. Nxe8 Qxe8
15. a3 Ba5 16. Ne5 Bc7 17. Nxd7 Qxd7 18. Bxc7 Rxc7 19. Bb5 Rc8 20. Bxc6 bxc6
21. Qf3 a5 22. Rc5 Qc7 23. Rfc1 Qb7 24. Rxc6 Rxc6 25. Qxc6 Qxc6 26. Rxc6 h6 27.
b4 axb4 28. axb4 Nd7 29. b5 Kf8 30. b6 Ke8 31. b7 Kd8 32. Rd6 Kc7 33. Rxd7+
Kxd7 34. b8=Q 1-0

[Event "New Zealand (blitz) 2015"]
[Site "Devonport, Auckland"]
[Date "2015.01.11"]
[Round "3"]
[White "THORNTON, Giovanni A"]
[Black "Zhao, Xue"]
[Result "0-1"]
[WhiteElo "2181"]
[BlackElo "2569"]
[PlyCount "66"]
[EventDate "2015.??.??"]

1. d4 Nf6 2. Nf3 e6 3. c4 b6 4. g3 Ba6 5. Qc2 Bb4+ 6. Bd2 Be7 7. Bg2 d5 8. cxd5
exd5 9. Bf4 c5 10. O-O O-O 11. Re1 Nc6 12. dxc5 bxc5 13. Ne5 Nd4 14. Qd1 Qb6
15. b3 Rfd8 16. Nc3 Bb7 17. Na4 Qb5 18. e3 Ne6 19. Bf1 Qa5 20. Rc1 g5 21. Bd3
gxf4 22. exf4 Bf8 23. f5 Nd4 24. g4 Ne4 25. f3 Nf6 26. g5 Nd7 27. f4 Nxe5 28.
fxe5 Qxe1+ 29. Qxe1 Nf3+ 30. Kf2 Nxe1 31. Rxe1 c4 32. bxc4 dxc4 33. Be2 Rd5 0-1

[Event "New Zealand (blitz) 2015"]
[Site "Devonport, Auckland"]
[Date "2015.01.11"]
[Round "4"]
[White "Zhao, Xue"]
[Black "Bischoff, Klaus"]
[Result "1/2-1/2"]
[WhiteElo "2569"]
[BlackElo "2477"]
[PlyCount "142"]
[EventDate "2015.??.??"]

1. c4 b6 2. Nc3 e6 3. e4 Bb7 4. d4 Bb4 5. Bd3 Nc6 6. Nge2 Bxc3+ 7. bxc3 Nge7 8.
O-O d6 9. f4 Qd7 10. Ng3 O-O-O 11. f5 Na5 12. f6 gxf6 13. Rxf6 Ng8 14. Rf2 Ba6
15. Qf1 f6 16. Ba3 c5 17. d5 Kb8 18. Bc1 h5 19. dxe6 Qxe6 20. Nf5 Bxc4 21. Bf4
Bxd3 22. Qxd3 Nc4 23. a4 Rh7 24. a5 Rb7 25. axb6 Rxb6 26. Rfa2 Rd7 27. h3 Ne5
28. Qg3 Ne7 29. Qg7 N7c6 30. Qh8+ Rd8 31. Qxh5 Nc4 32. Qf3 N6e5 33. Qe2 Rb7 34.
Kh2 Ng6 35. Bg3 Re8 36. Qh5 Nge5 37. Ra6 Nb6 38. Qd1 Nec4 39. Nxd6 Nxd6 40.
Qxd6+ Qxd6 41. Bxd6+ Kc8 42. Rxa7 Rxe4 43. Rxb7 Kxb7 44. Bxc5 Nd5 45. Bd4 f5
46. Rf1 f4 47. Rf2 Kc6 48. Rd2 Kb5 49. h4 Kc4 50. Rc2 f3 51. gxf3 Rxh4+ 52. Kg3
Rh7 53. Be5 Rh6 54. f4 Rg6+ 55. Kf3 Ne7 56. Rd2 Nc6 57. Re2 Nxe5+ 58. fxe5 Kd5
59. Kf4 Rc6 60. Rc2 Ke6 61. c4 Rc5 62. Rc3 Rxe5 63. c5 Rf5+ 64. Ke4 Rf8 65. Kd4
Kd7 66. Kc4 Kc6 67. Rd3 Rf4+ 68. Rd4 Rxd4+ 69. Kxd4 Kc7 70. Kd5 Kd7 71. Kc4 Kc6
1/2-1/2

[Event "New Zealand (blitz) 2015"]
[Site "Devonport, Auckland"]
[Date "2015.01.11"]
[Round "5"]
[White "CROAD, Nicholas"]
[Black "Zhao, Xue"]
[Result "0-1"]
[WhiteElo "2315"]
[BlackElo "2569"]
[PlyCount "59"]
[EventDate "2015.??.??"]

1. d4 b6 2. e4 e6 3. Bd3 d5 4. exd5 Qxd5 5. Nf3 Ba6 6. O-O Bxd3 7. Qxd3 Nf6 8.
c4 Qe4 9. Qb3 Be7 10. Re1 Qb7 11. Nc3 Nbd7 12. d5 Nc5 13. Qc2 exd5 14. Bg5 dxc4
15. Qe2 Ne6 16. Bxf6 Bxf6 17. Qxc4 O-O 18. Rad1 Rad8 19. Rxd8 Rxd8 20. h3 Bxc3
21. Qxc3 Qd5 22. a3 a5 23. b4 a4 24. Re5 Qb3 25. Qc6 h6 26. Nh4 Qd1+ 27. Kh2
Qd6 28. Qxd6 Rxd6 29. Re3 Rd2 30. Kg3 0-1

[Event "New Zealand (blitz) 2015"]
[Site "Devonport, Auckland"]
[Date "2015.01.11"]
[Round "6"]
[White "Zhao, Xue"]
[Black "Rasmussen, Allan Stig"]
[Result "0-1"]
[WhiteElo "2569"]
[BlackElo "2526"]
[PlyCount "57"]
[EventDate "2015.??.??"]

1. d4 d5 2. c4 dxc4 3. e4 Nf6 4. e5 Nd5 5. Bxc4 Nb6 6. Bb3 Nc6 7. Ne2 Bf5 8.
Nbc3 e6 9. Be3 Qd7 10. O-O O-O-O 11. Rc1 Kb8 12. Na4 Nd5 13. Nc5 Bxc5 14. Rxc5
Nce7 15. Ba4 c6 16. Bb3 f6 17. exf6 gxf6 18. Qd2 h5 19. h4 Rhg8 20. Bf4+ Ka8
21. Bg3 Be4 22. Re1 Nf5 23. a4 Qg7 24. a5 a6 25. Nc3 Bxg2 26. Kxg2 Nxg3 27.
fxg3 Qxg3+ 28. Kf1 Qg1+ 29. Ke2 0-1

[Event "New Zealand (blitz) 2015"]
[Site "Devonport, Auckland"]
[Date "2015.01.11"]
[Round "7"]
[White "Zhao, Xue"]
[Black "DIVE, Russell J"]
[Result "1-0"]
[WhiteElo "2569"]
[BlackElo "2381"]
[PlyCount "133"]
[EventDate "2015.??.??"]

1. c4 c6 2. Nf3 d5 3. d4 Nf6 4. Nc3 a6 5. c5 b6 6. cxb6 Qxb6 7. Na4 Qc7 8. Ne5
e6 9. Nd3 Nbd7 10. Bf4 Qa5+ 11. Bd2 Qc7 12. e3 Ne4 13. Be2 c5 14. dxc5 Ndxc5
15. Ndxc5 Nxc5 16. Rc1 Qa7 17. Ba5 Nxa4 18. Qxa4+ Bd7 19. Qg4 Qb7 20. O-O h5
21. Qd4 Rc8 22. Rxc8+ Qxc8 23. Qb6 Bc5 24. Qxa6 O-O 25. Qxc8 Rxc8 26. Rc1 Bd6
27. Rxc8+ Bxc8 28. Bxh5 Kf8 29. Be2 Ke7 30. f4 Bc5 31. Kf2 d4 32. exd4 Bxd4+
33. Kg3 Bxb2 34. Bb4+ Kf6 35. a4 e5 36. Bd2 exf4+ 37. Bxf4 Bc3 38. Be3 Ba5 39.
Kf2 Bd7 40. Bd4+ Kg6 41. Bb5 Be6 42. Bd3+ f5 43. g4 Bd7 44. gxf5+ Bxf5 45.
Bxf5+ Kxf5 46. Bxg7 Kg4 47. Kg2 Bc7 48. h3+ Kf5 49. Bc3 Bd8 50. Kf3 Ke6 51. a5
Kd5 52. a6 Kc6 53. Bd4 Kc7 54. Kg4 Kb8 55. Kf5 Ka8 56. Ke6 Bh4 57. Kf5 Bd8 58.
Bf6 Ba5 59. h4 Bd2 60. Bg5 Bc3 61. Be3 Bb4 62. h5 Bf8 63. Kg6 Bd6 64. h6 Be5
65. h7 Bc3 66. Bg5 Ka7 67. Bf6 1-0

[Event "New Zealand (blitz) 2015"]
[Site "Devonport, Auckland"]
[Date "2015.01.11"]
[Round "8"]
[White "WASTNEY, Scott"]
[Black "Zhao, Xue"]
[Result "1-0"]
[WhiteElo "2347"]
[BlackElo "2569"]
[PlyCount "102"]
[EventDate "2015.??.??"]

1. e4 Nf6 2. Nc3 e5 3. Nf3 Nc6 4. a3 g6 5. Nxe5 Nxe5 6. d4 Nc6 7. d5 Ne5 8. f4
Qe7 9. fxe5 Qxe5 10. Bd3 Bc5 11. Qf3 d6 12. Rf1 Bd4 13. Nb5 Bg4 14. Qxf6 Qxf6
15. Rxf6 Bxf6 16. Nxc7+ Kd7 17. Nxa8 Rxa8 18. h3 Be6 19. dxe6+ fxe6 20. c3 Rf8
21. Be3 a6 22. Ke2 Ke7 23. Rf1 Rc8 24. Bd4 Bg5 25. Be3 Bf6 26. g3 b5 27. h4 Be5
28. Bf4 Bg7 29. Bg5+ Ke8 30. g4 Rc7 31. Bf6 Bf8 32. g5 Rb7 33. Bd4 e5 34. Be3
Be7 35. Rd1 Rb8 36. Bb1 Kd7 37. Ba2 a5 38. Rf1 b4 39. axb4 axb4 40. Bd5 bxc3
41. bxc3 Rb2+ 42. Kd3 Rh2 43. Bf2 Rh3+ 44. Kc4 Bd8 45. Rb1 Ba5 46. Rb7+ Kc8 47.
Rb3 Rh1 48. Bb6 Bxb6 49. Rxb6 Rxh4 50. Rxd6 Rg4 51. Be6+ Kc7 1-0

[Event "Gibraltar Masters Open 2015"]
[Site "Caleta ENG"]
[Date "2015.01.27"]
[Round "1"]
[White "Ju, Wenjun"]
[Black "Weeramantry, Sunil"]
[Result "1-0"]
[WhiteElo "2547"]
[BlackElo "2127"]
[PlyCount "63"]
[EventDate "2015.01.27"]

1. d4 Nf6 2. c4 g6 3. g3 Bg7 4. Bg2 O-O 5. Nc3 d6 6. Nf3 Nc6 7. O-O Bg4 8. d5
Na5 9. Nd2 c5 10. h3 Bd7 11. Qc2 a6 12. b3 b5 13. Bb2 Rb8 14. Rab1 Bh6 15. f4
Nh5 16. Kh2 e5 17. fxe5 bxc4 18. Nce4 Bf5 19. g4 cxb3 20. axb3 Qh4 21. gxf5
Bf4+ 22. Kh1 Bxd2 23. Nxd2 Ng3+ 24. Kh2 Nxf5 25. Rxf5 gxf5 26. Qxf5 Nxb3 27.
Ne4 Nd4 28. Bxd4 Rxb1 29. Bf2 Qh6 30. Nf6+ Kh8 31. Qxb1 dxe5 32. Qf5 1-0

[Event "Gibraltar Masters Open 2015"]
[Site "Caleta ENG"]
[Date "2015.01.27"]
[Round "1"]
[White "Wiedersich, Jens"]
[Black "Muzychuk, Anna"]
[Result "0-1"]
[WhiteElo "2125"]
[BlackElo "2544"]
[PlyCount "47"]
[EventDate "2015.01.27"]

1. d4 f5 2. e4 fxe4 3. Nc3 g6 4. Nxe4 d5 5. Ng3 Bg7 6. c3 Nh6 7. Bd3 O-O 8. Qc2
c5 9. Nf3 Nf5 10. Bxf5 gxf5 11. Nxf5 Rxf5 12. O-O Rxf3 13. gxf3 cxd4 14. Bg5
Nc6 15. f4 Qd7 16. f3 Bf8 17. Kh1 Qh3 18. Rf2 Qf5 19. Rd1 e5 20. cxd4 exf4 21.
Rg2 Nxd4 22. Qd3 Qh3 23. Rf1 Kh8 24. Be7 0-1

[Event "Gibraltar Masters Open 2015"]
[Site "Caleta ENG"]
[Date "2015.01.27"]
[Round "1"]
[White "Khotenashvili, Bela"]
[Black "Danielsson, Robert"]
[Result "1-0"]
[WhiteElo "2526"]
[BlackElo "2121"]
[PlyCount "43"]
[EventDate "2015.01.27"]

1. c4 Nf6 2. Nf3 g6 3. Nc3 d5 4. cxd5 Nxd5 5. Qb3 Nb6 6. d4 Be6 7. Qb5+ c6 8.
Qe5 Rg8 9. Qg3 Bc4 10. Ne5 Ba6 11. Qf4 f6 12. Nf3 Bg7 13. g3 N8d7 14. Bh3 e5
15. Qh4 Kf7 16. dxe5 Nxe5 17. Nxe5+ fxe5 18. Bg5 Qe8 19. Ne4 Rd8 20. Bxd8 Qxd8
21. Ng5+ Ke8 22. Qxh7 1-0